| 000 | 02048nam0a2200421 i 4500 | ||
|---|---|---|---|
| 001 | RU\NLR\BIBL_A\011173745 | ||
| 005 | 20260406080825.0 | ||
| 010 |
_a978-5-9906863-8-0 _9150 |
||
| 021 |
_aRU _b2016-49804 _93195 |
||
| 035 | _a(NILC)RuMoRGB-008526799 | ||
| 035 | _a(NLR Aleph) 011173745 | ||
| 090 |
_a11780131 _c11780131 |
||
| 100 | _a20160708d2016 u y0rusy50 ca | ||
| 101 | 0 |
_arus _avog |
|
| 102 | _aRU | ||
| 105 | _ay|||e|||000yy | ||
| 200 | 1 |
_aМансийско-русский словарь _e(верхне-лозьвинский диалект) _eболее 2000 слов _fТ.П. Бахтиярова, С.С. Динисламова _gДепартамент образования и молодеж. политики ХМАО - Югры, Обско-угор. ин-т прикл. исслед. и разраб. |
|
| 210 |
_aХанты-Мансийск _cФОРМАТ _d2016 |
||
| 215 |
_a139, [1] с. _d21 |
||
| 300 | _aНа обл. авт. не указаны | ||
| 606 | 1 |
_aМансийский язык _xСловари _xРусский язык _91589891 _3RU\NLR\AUTH\66698658 |
|
| 606 | 1 |
_aМансийский язык _jСловари _xВерхнелозьвинский диалект _92295398 _3RU\NLR\AUTH\6601601581 |
|
| 610 | 0 | _aверхне-лозьвинский диалект мансийского языка | |
| 675 | _a811.511 | ||
| 686 | 1 | _aШ166.511-451 | |
| 686 | 1 | _aШ166.511-491пер | |
| 686 | 1 | _aШ141.12-491пер | |
| 700 | 1 |
_7ca _8rus _aБахтиярова _bТ. П. _f1991- _gТатьяна Прокопьевна _3RU\NLR\AUTH\770224932 _9224876 |
|
| 701 | 1 |
_4570 _7ca _8rus _aДинисламова _bС. С. _f1960- _gСветлана Силивёрстовна _9237382 _3RU\NLR\AUTH\770237438 |
|
| 801 | 0 |
_aRU _bРГБ _c20160623 _gRCR |
|
| 801 | 2 |
_aRU _bРГБ _c20160630 _grcr |
|
| 852 |
_aNLR _bОНЛ _jМанс./3-142 |
||
| 852 |
_aNLR _bОНЛ _jМК-27194 |
||
| 942 | _cBOOK | ||
| 980 | _aNBR | ||